Una política ambiental para el desarrollo sustentable

Saved in:
Bibliografiske detaljer
Corporate Authors: Comisión Nacional del Medio Ambiente (Author), CONAMA (Author)
Format: Bog
Sprog:spansk
Udgivet: Santiago CONAMA 1998
Fag:
Tags: Tilføj Tag
Ingen Tags, Vær først til at tagge denne postø!

MARC

LEADER 00000nam a2200000 a 4500
001 UCM7883
003 CL-VaPUC
008 030110e19980000CL |||||||||||||||||spa|d
082 0 4 |a 333.7  |b COM  |2 21 
110 2 |a Comisión Nacional del Medio Ambiente  |e author  |9 473638 
710 2 |a CONAMA  |e author  |9 473639 
245 1 4 |a Una política ambiental para el desarrollo sustentable 
300 |a 64 p 
942 |c BK 
945 |d 20030110 00:00:00  |a lriquelm 
260 |a Santiago  |b CONAMA  |c 1998 
650 0 |a Política ambiental  |9 262970 
650 0 |a Desarrollo sustentable  |9 333905 
650 0 |a Medio ambiente  |9 257625 
651 7 |a CHILE  |2 CL-VaPUC  |9 473640 
583 |a last modification  |c 20030110 00:00:00  |k Rodrigo Vera 
999 |c 302537  |d 302535 
952 |0 0  |1 0  |4 0  |6 333_700000000000000_COM_1998  |7 0  |8 P  |9 363179  |a BIBDER  |b BIBDER  |d 2019-11-21  |i 4121929  |o 333.7 COM 1998  |p 4121929  |r 2023-01-25  |w 2019-11-21  |y BK  |k DER